000 00227 a2200109 4500
020 _a9780071477246
041 _aeng
100 _aFred A.STutman
245 _a100 Weight loss tips that really work
942 _cBK
952 _74
999 _c22288
_d22288